000
00305nam a22001337a 4500
003
OSt
005
20170105103446.0
008
131202t xxu||||| |||| 00| 0 eng d
020
_a
978-1-4160-5885-4
040
_c
ASAB
245
_a
Dorland's Pocket Medical Dictionary
250
_a
28th Ed.
942
_2
ddc
_c
BK
999
_c
16624
_d
16624